Reinforced concrete (Record no. 39592)

000 -LEADER
fixed length control field 00495nam a2200193 4500
001 - CONTROL NUMBER
control field 39592
003 - CONTROL NUMBER IDENTIFIER
control field BD-DhUET
008 - FIXED-LENGTH DATA ELEMENTS--GENERAL INFORMATION
fixed length control field 161031b xxu||||| |||| 00| 0 eng d
040 ## - CATALOGING SOURCE
Transcribing agency 0
Modifying agency BD-DhUET
082 ## - DEWEY DECIMAL CLASSIFICATION NUMBER
Classification number 624.183
Item number WIG/2016
100 ## - MAIN ENTRY--PERSONAL NAME
Personal name Wight , James K.
245 ## - TITLE STATEMENT
Title Reinforced concrete
Remainder of title mechanics and design
250 ## - EDITION STATEMENT
Edition statement 7th ed.
260 ## - PUBLICATION, DISTRIBUTION, ETC. (IMPRINT)
Place of publication, distribution, etc. New York
Name of publisher, distributor, etc. Pearson education
Date of publication, distribution, etc. 2016
300 ## - PHYSICAL DESCRIPTION
Extent 1164 p.
504 ## - BIBLIOGRAPHY, ETC. NOTE
Bibliography, etc Includes bibliographies
650 #0 - SUBJECT ADDED ENTRY--TOPICAL TERM
Topical term or geographic name as entry element Reinforced concrete
942 ## - ADDED ENTRY ELEMENTS (KOHA)
Koha item type General Book
Holdings
Location (home branch) Copy number Shelving location Withdrawn status Damaged status Koha issues (times borrowed) Koha full call number Not for loan Koha date last seen Source of classification or shelving scheme Lost status Date acquired Price effective from Sublocation or collection (holding branch) Koha normalized classification for sorting Koha out on loan Koha item type Koha date last borrowed Piece designation (barcode)
Central Library, BUET1Circulation section  3624.183/WIG/2016 2021-01-27  2016-10-312016-10-31Central Library, BUET624_183000000000000_WIG_20162022-01-27General Book2021-01-27114878
Central Library, BUET2Circulation section  6624.183/WIG/2016 2023-05-07  2016-10-312016-10-31Central Library, BUET624_183000000000000_WIG_2016 General Book2023-04-12114879